00511cam a22002171 4500001001300000003000400013005001700017008004100034010001700075035002000092040001800112042001200130050001700142100002800159245002300187260001000210300002100220500001500241600002000256999001700276sa 68001948 DLC20260227112438.0890510s1965 xx 000 0 hino  asa 68001948  a(OCoLC)23579988 aDLCcMiUdDLC apremarc00aBL1470b.G331 aGangadharan, H.,d1926-10aBuddha Bhagavān. c1965. av, 78 p.c17 cm. aRomanized.00aGautama Buddha. c78340d78340